| Tag |
First Indicator |
Second Indicator |
Subfields |
| LEADER |
00000cam a2200000Ia 4500 |
| 001 |
in00002038921 |
| 005 |
20151101052955.0 |
| 008 |
050311s1993 sz a 000 0 ger d |
| 020 |
|
|
|a 3251800647
|
| 035 |
|
|
|a (OCoLC)ocm29588038
|
| 040 |
|
|
|a RBN
|c RBN
|d AZU
|d OCLCQ
|d TXA
|d UtOrBLW
|
| 049 |
|
|
|a TXAM
|
| 090 |
|
|
|a PT2638.M453
|b A77 1993
|
| 100 |
1 |
|
|a Schmidt, Arno,
|d 1914-1979.
|
| 245 |
1 |
0 |
|a Abend mit Goldrand /
|c Arno Schmidt.
|
| 264 |
|
1 |
|a Zurich :
|b Arno Schmidt Stiftung im Haffmans Verlag,
|c [1993]
|
| 264 |
|
4 |
|c ©1993
|
| 300 |
|
|
|a 300 pages :
|b illustrations ;
|c 35 cm.
|
| 336 |
|
|
|a text
|b txt
|2 rdacontent
|
| 337 |
|
|
|a unmediated
|b n
|2 rdamedia
|
| 338 |
|
|
|a volume
|b nc
|2 rdacarrier
|
| 490 |
1 |
|
|a Bargfelder Ausgabe. Werkgruppe IV, Spätwerk / Arno Schmidt ;
|v Bd. 3
|
| 800 |
1 |
|
|a Schmidt, Arno,
|d 1914-
|t Bargfelder Ausgabe.
|n Werkgruppe IV,
|p Spätwerk ;
|v Bd. 3.
|
| 948 |
|
|
|a cataloged
|b h
|c 2005/7/6
|d c
|e jgreene
|f 12:57:40 pm
|
| 994 |
|
|
|a C0
|b TXA
|
| 999 |
|
|
|a MARS
|
| 999 |
f |
f |
|s ab0689d4-ac66-3dcd-bb73-69aacbe89a00
|i 0b5ad089-84dc-3988-8f71-12a9a197d250
|t 0
|
| 952 |
f |
f |
|p ric
|a Texas A&M University
|b Rellis Campus
|c Joint Library Facility
|d Remote Storage
|t 0
|e PT2638.M453 A77 1993
|f Oversize
|h Library of Congress classification
|i unmediated -- volume
|m A14833148949
|
| 998 |
f |
f |
|a PT2638.M453 A77 1993
|t 0
|l Remote Storage
|